LEADER 00908nam a2200205 i 4500 001 000000059467 003 CaOOAMICUS 005 20141027000000.0 008 141027s1734 xx u000 u lat u 013 $a30639 026 $aa-us 0.m. t.ro suin (3) 1734 (R) 040 $aSeMil$bita 245 10$aLiber 1. 300 $aXVI, 592 p. 500 $aSegn. : a-b4 A-4E4. - Stemma calcogr. del dedicatario papa Clemente XII sul front. 650 4$aSanti - Canonizzazione.$0(OLS)http://semarc/subject/1571 773 0 $aBenedictus XIV $tServorum Dei beatificatione et beatorum canonizatione ... authore Prospero de Lambertinis ... liber 1. [-4., & ultimus].$dBononiae : Formis Longhi excursoris archiepiscopalis, 1734-1738.$g1$w()30823 850 $aSeMil 852 $aSeMil$W1$xVenegono$y1$m2I VI 30 FA$j25620$B25620$CSeMilBibl$Z2$F25623 $8I 996 $6245$aLiber 1$9(OLS)http://semarc/title/52467 LEADER 00573naa a2200157 i 4500 001 000000294690 003 CaOOAMICUS 005 20180831172511.0 008 180831n xx u000 u und u 013 $a1967 040 $aSeMil$bita 100 1 $aRomani, Mario,$d<1917-1975>.$0(OLS)http://semarc/name/1781 245 10$aDall'università la promozione culturale. 650 4$aCultura.$0(OLS)http://semarc/subject/5616 773 0 $tProspettive di lavoro per l'università di domani. [S.l..$w()44492 996 $6245$aDall'università la promozione culturale$9(OLS)http://semarc/title/370768